El lactante (Record no. 122530)

MARC details
000 -LEADER
campo de control de longitud fija 00516nam a2200157 4500
001 - NÚMERO DE CONTROL
campo de control 122530
003 - IDENTIFICADOR DE NÚMERO DE CONTROL
campo de control ES-MaACL
007 - CAMPO FIJO DE DESCRIPCIÓN FÍSICA--INFORMACIÓN GENERAL
campo de control de longitud fija t|
008 - DATOS DE LONGITUD FIJA--INFORMACIÓN GENERAL
campo de control de longitud fija 070214s1943 sp r ||||1| spa d
100 1# - ENTRADA PRINCIPAL--NOMBRE DE PERSONA
Nombre de persona Pritchard, Eric.
9 (RLIN) 93997
245 13 - MENCIÓN DEL TÍTULO
Título El lactante
Resto del título : manual de terapéutica moderna /
Mención de responsabilidad, etc. Eric Pritchard ; traducido del inglés por el Prof. Dr. Enrique Jaso.
260 ## - PUBLICACIÓN, DISTRIBUCIÓN, ETC.
Lugar de publicación, distribución, etc. Madrid :
Nombre del editor, distribuidor, etc. Pegaso,
Fecha de publicación, distribución, etc. 1943.
300 ## - DESCRIPCIÓN FÍSICA
Extensión 806 p., 6 lám. :
Otras características físicas il. ;
Dimensiones 24 cm.
700 1# - ENTRADA AGREGADA--NOMBRE PERSONAL
Nombre de persona Jaso, Enrique.
9 (RLIN) 66152
852 ## - LOCALIZACIÓN
Ubicación ES-MaACL
Número de control de estantería E-385
Sublocalización o colección R.19740
Holdings
Estatus retirado Estado de pérdida Estado de daño No para préstamo Biblioteca de origen Biblioteca actual Ubicación en estantería Fecha de adquisición Fuente de adquisición Total de préstamos Signatura topográfica completa Código de barras Visto por última vez Precio de reemplazo Tipo de ítem Koha
        Biblioteca del Ateneo de Madrid Biblioteca del Ateneo de Madrid Depósito 2 17/01/2008     E-385 1127680 23/02/2023 23/02/2023 Libro impreso